[Event "Guernsey Open 2012"]
[Site "?"]
[Date "2012.10.22"]
[Round "2"]
[White "Maloberti, David"]
[Black "Murray, Steve"]
[Result "1-0"]
[WhiteElo "2045"]
[BlackElo "1858"]
[PlyCount "137"]
[EventDate "2012.10.21"]
[EventType "swiss"]
[SourceDate "2012.10.30"]

1. d4 Nf6 2. c4 e6 3. Nc3 d5 4. Bg5 Be7 5. e3 h6 6. Bf4 O-O 7. Qf3 c5 8. O-O-O
Nc6 9. dxc5 Bxc5 10. cxd5 exd5 11. Nxd5 Nxd5 12. Qxd5 Qe7 13. Bd6 Bxd6 14. Qxd6
Qe4 15. Qd3 Qa4 16. Qa3 Qxa3 {(=)} 17. bxa3 Be6 18. Kb2 Ne5 19. Be2 Rac8 20. f4
Nc4+ 21. Bxc4 Rxc4 22. Nf3 Rfc8 23. Nd4 a6 24. Rd2 Rc3 25. Re1 Kf8 26. Nxe6+
fxe6 27. Ree2 R3c5 28. Rc2 Rb5+ 29. Kc1 Rd8 30. Red2 Rxd2 31. Kxd2 Rd5+ 32. Ke2
Rb5 33. e4 g5 34. Ke3 gxf4+ 35. Kxf4 Kf7 36. h4 Kf6 37. g4 Rb1 38. e5+ Kf7 39.
Rc7+ Kf8 40. g5 Rf1+ 41. Kg4 hxg5 42. hxg5 Rf5 43. Rxb7 Rxe5 44. Rb6 a5 45. Ra6
Kf7 46. Kh5 Re2 47. Ra7+ Kf8 48. Kg6 Rxa2 49. Kf6 Rf2+ 50. Kxe6 Re2+ 51. Kf6
Rf2+ 52. Kg6 Rc2 53. Rxa5 Rc6+ 54. Kf5 Rc1 55. a4 Rf1+ 56. Ke6 Kg7 57. Re5 Kg6
58. Kd6 Rc1 59. a5 Rc2 60. Rc5 Rb2 61. Kc7 Ra2 62. Rb5 Ra1 63. Kb7 Re1 64. a6
Re7+ 65. Kb6 Re6+ 66. Ka5 Re1 67. a7 Re8 68. Rb8 Re5+ 69. Ka6 1-0

[Event "Guernsey Open 2012"]
[Site "?"]
[Date "2012.10.22"]
[Round "2"]
[White "Waters, Andrew C"]
[Black "Gant, Christopher"]
[Result "0-1"]
[WhiteElo "1938"]
[BlackElo "2170"]
[PlyCount "166"]
[EventDate "2012.10.21"]
[EventType "swiss"]
[SourceDate "2012.10.30"]

1. e4 c5 2. Nf3 Nc6 3. g3 g6 4. d3 Bg7 5. Bg2 d6 6. O-O e6 7. c3 Nge7 8. Nbd2
O-O 9. a4 b6 10. Re1 Bb7 11. Nc4 Qc7 12. Bf4 e5 13. Be3 d5 14. exd5 Nxd5 15.
Qc1 Nxe3 16. Nxe3 Rad8 17. Qc2 h6 18. Rad1 Rd7 19. Nc4 Ba6 20. Bh3 f5 21. Nh4
Kh7 22. Ne3 Rdf7 23. f4 Qd6 24. Nc4 Bxc4 25. dxc4 Qc7 26. fxe5 Nxe5 27. Bg2 Re7
28. Bd5 Ng4 29. Ng2 Rfe8 30. Qd3 Bf6 31. Rxe7+ Rxe7 32. Re1 Bg5 33. Re6 Qd7 34.
Qe2 Rxe6 35. Qxe6 Qxe6 36. Bxe6 Bc1 37. b4 Bd2 38. a5 cxb4 39. cxb4 Bxb4 40.
axb6 Bc5+ 41. Kh1 axb6 42. Nf4 Kg7 43. Nd5 Ne5 44. Nc3 Kf6 45. Bd5 Ng4 46. Nd1
Ke5 47. h3 Nf6 48. Bf7 g5 49. Kg2 Ne4 50. Bg8 f4 51. gxf4+ Kxf4 52. Bd5 Bd4 53.
Bg8 Nd2 54. Bd5 Ke5 55. Kg3 Ne4+ 56. Kf3 Nd2+ 57. Kg4 Ne4 58. Kf3 Nf6 59. Bf7
Kd6 60. Ne3 Bxe3 61. Kxe3 Ke5 62. Bg6 Nd7 63. Bh5 Nc5 64. Bg6 Nb7 65. Be4 Nd6
66. Bd3 Nf5+ 67. Kf3 h5 68. Bb1 Nh4+ 69. Ke3 Ng2+ 70. Kf3 Nf4 71. Kg3 Ne2+ 72.
Kf3 Nd4+ 73. Ke3 Nf5+ 74. Kf3 Ne7 75. Ke3 g4 76. hxg4 hxg4 77. Bd3 Nf5+ 78. Kf2
Kf4 79. Bf1 g3+ 80. Ke2 Ne3 81. c5 bxc5 82. Bh3 c4 83. Bd7 c3 0-1

[Event "Guernsey Open 2012"]
[Site "?"]
[Date "2012.10.22"]
[Round "2"]
[White "Goater, Kevin P"]
[Black "Fassaert, Desire JM"]
[Result "1/2-1/2"]
[WhiteElo "2147"]
[BlackElo "1939"]
[PlyCount "49"]
[EventDate "2012.10.21"]
[EventType "swiss"]
[SourceDate "2012.10.30"]

1. d4 Nf6 2. Nf3 e6 3. e3 c5 4. Bd3 Be7 5. O-O O-O 6. c4 cxd4 7. exd4 d5 8. Nc3
dxc4 9. Bxc4 Nc6 10. Re1 b6 11. Bg5 Bb7 12. a3 Rc8 13. Bd3 Nd5 14. Bxe7 Ncxe7
15. Nxd5 Nxd5 16. Qd2 Qe7 17. Rac1 Rfd8 18. Rxc8 Rxc8 {(=)} 19. Ne5 Rc7 20. f4
Qh4 21. g3 Qd8 22. Be4 Ne7 23. Bxb7 Rxb7 24. Rd1 Rc7 25. Qd3 1/2-1/2

[Event "Guernsey Open 2012"]
[Site "?"]
[Date "2012.10.22"]
[Round "2"]
[White "Ippel, Cornelius J"]
[Black "Angermuende, Dirk"]
[Result "1-0"]
[WhiteElo "1935"]
[BlackElo "2033"]
[PlyCount "151"]
[EventDate "2012.10.21"]
[EventType "swiss"]
[SourceDate "2012.10.30"]

1. Nc3 d5 2. e4 e6 3. a3 Nf6 4. e5 Nfd7 5. f4 c5 6. Nf3 Nc6 7. Ne2 a6 8. c3 Be7
9. d4 O-O 10. Ng3 cxd4 11. cxd4 f5 12. exf6 Nxf6 13. Bd3 Qb6 14. b4 Bd7 15. Be3
Kh8 16. Qd2 Bd6 17. Ne2 Ne7 18. O-O Bb5 19. Ne5 Bxd3 20. Qxd3 Qd8 21. Ng3 Rc8
22. Rf3 Qe8 23. Raf1 Kg8 24. f5 exf5 25. Nxf5 Nxf5 26. Rxf5 Qe6 27. Bg5 Ne4 28.
Rxf8+ Rxf8 29. Rxf8+ Kxf8 30. Qf3+ Kg8 31. Bf4 Qf6 32. Qe3 g5 33. Bg3 Qf5 34.
Nf3 Bxg3 35. hxg3 h6 36. Ne5 Nf6 37. Qe2 Qb1+ 38. Kh2 Qe4 39. Qxe4 dxe4 40. Kg1
Ne8 41. Kf2 Nd6 42. g4 Kg7 43. Ke3 Kf6 44. a4 Ke6 45. Kd2 Kd5 46. Ke3 h5 47.
gxh5 Nf5+ 48. Kd2 Kxd4 49. Ng4 b6 50. h6 Ne7 51. Ne3 Ng6 52. g3 Ne5 53. h7 Ng6
54. Nc2+ Kc4 55. Ke3 Kd5 56. Nd4 Nh8 57. g4 Ng6 58. Nf5 Kc4 59. Kxe4 Kxb4 60.
Ne7 Nh8 61. Kf5 Kxa4 62. Kf6 b5 63. Kg7 b4 64. Nd5 b3 65. Kxh8 b2 66. Nc3+ Kb3
67. Nb1 Kc2 68. Kg8 Kxb1 69. h8=Q Kc2 70. Qh7+ Kc1 71. Qh1+ Kc2 72. Qc6+ Kd1
73. Qd5+ Kc2 74. Qc4+ Kd1 75. Qb3+ Kc1 76. Qc3+ 1-0

[Event "Guernsey Open 2012"]
[Site "?"]
[Date "2012.10.22"]
[Round "2"]
[White "Archer, Richard"]
[Black "Gravett, Alan D"]
[Result "1/2-1/2"]
[WhiteElo "2022"]
[BlackElo "1921"]
[PlyCount "51"]
[EventDate "2012.10.21"]
[EventType "swiss"]
[SourceDate "2012.10.30"]

1. e4 c5 2. Nf3 d6 3. d4 cxd4 4. Nxd4 Nf6 5. Nc3 a6 6. a4 Qc7 7. Be2 e5 8. Nb3
Be7 9. Be3 Be6 10. O-O Nbd7 11. f3 O-O 12. g4 Nb6 13. a5 Nc4 14. Bxc4 Bxc4 15.
Rf2 Nd7 16. Rd2 b5 17. Nd5 Bxd5 18. Rxd5 Rac8 19. Rc1 Rfd8 20. Qe2 Nc5 21. Bxc5
dxc5 22. c4 b4 23. Rcd1 f6 24. R1d2 Kf7 25. Qd1 Ke8 26. Kg2 1/2-1/2

[Event "Guernsey Open 2012"]
[Site "?"]
[Date "2012.10.22"]
[Round "2"]
[White "Oehne, Timo"]
[Black "Nebel, Uwe"]
[Result "1/2-1/2"]
[WhiteElo "1926"]
[BlackElo "2015"]
[PlyCount "49"]
[EventDate "2012.10.21"]
[EventType "swiss"]
[SourceDate "2012.10.30"]

1. e4 d5 2. exd5 Qxd5 3. Nf3 Nf6 4. d4 Bf5 5. c4 Qd8 6. h3 h6 7. Be3 e6 8. a3
c6 9. Qb3 Qc8 10. Nc3 Bd6 11. Be2 Nbd7 12. O-O e5 13. c5 Bc7 14. d5 cxd5 15.
Nxd5 Nxd5 16. Qxd5 O-O 17. c6 Nf6 18. Qb5 bxc6 19. Qxc6 Be4 20. Qc5 Nd7 21. Qc3
Qb7 22. Ne1 Rac8 23. Qb4 Bb6 24. Bxb6 axb6 25. Bf3 1/2-1/2

[Event "Guernsey Open 2012"]
[Site "?"]
[Date "2012.10.22"]
[Round "2"]
[White "Canonne, Antoine"]
[Black "Dennis, Nigel W"]
[Result "1-0"]
[WhiteElo "2014"]
[BlackElo "1915"]
[PlyCount "67"]
[EventDate "2012.10.21"]
[EventType "swiss"]
[SourceDate "2012.10.30"]

1. e4 c5 2. Nc3 Nc6 3. f4 d6 4. Nf3 Bg4 5. Bb5 a6 6. Bxc6+ bxc6 7. O-O e6 8. d3
Ne7 9. Qe1 Bxf3 10. Rxf3 d5 11. f5 d4 12. Na4 Nc8 13. fxe6 fxe6 14. b3 Nb6 15.
Qa5 Nxa4 16. Qxa4 Qb6 17. Qc4 Kd7 18. Ba3 Re8 19. Rxf8 Rhxf8 20. Bxc5 Qa5 21.
Bxf8 Rxf8 22. Qxd4+ Ke8 23. b4 Qg5 24. Qc5 Qf6 25. Qxc6+ Kd8 26. Qa8+ Ke7 27.
Qa7+ Ke8 28. Rd1 Qb2 29. Qb8+ Ke7 30. Qc7+ Ke8 31. Qc8+ Ke7 32. Qc5+ Ke8 33. a4
Qf6 34. b5 1-0

[Event "Guernsey Open 2012"]
[Site "?"]
[Date "2012.10.22"]
[Round "2"]
[White "Hawkins, Nick"]
[Black "Brookfield, Toby"]
[Result "1/2-1/2"]
[WhiteElo "2001"]
[BlackElo "1824"]
[PlyCount "62"]
[EventDate "2012.10.21"]
[EventType "swiss"]
[SourceDate "2012.10.30"]

1. e4 c5 2. Nf3 d6 3. d4 cxd4 4. Nxd4 Nf6 5. Nc3 g6 6. Be3 Bg7 7. f3 Nc6 8. Qd2
O-O 9. Bc4 Bd7 10. O-O-O Rc8 11. Bb3 Nxd4 12. Bxd4 b5 13. Nd5 Nxd5 14. Bxg7
Kxg7 15. Bxd5 a5 16. Qd4+ Kg8 17. a3 Rc5 18. b4 axb4 19. axb4 Rc7 20. Kb2 Qc8
21. c3 Be6 22. Ra1 Bxd5 23. exd5 Rc4 24. Qe3 Qf5 25. Rhd1 Rfc8 26. Rd3 R4c7 27.
Ra5 Qd7 28. Ra6 Rc4 29. Ra7 R4c7 30. Ra6 Rc4 31. Ra7 R4c7 1/2-1/2

[Event "Guernsey Open 2012"]
[Site "?"]
[Date "2012.10.22"]
[Round "2"]
[White "Cummins, John"]
[Black "Campbell, Ian"]
[Result "0-1"]
[WhiteElo "1844"]
[BlackElo "2000"]
[PlyCount "94"]
[EventDate "2012.10.21"]
[EventType "swiss"]
[SourceDate "2012.10.30"]

1. e4 g6 2. d4 Bg7 3. Nf3 d6 4. h3 a6 5. Bd3 Nd7 6. c3 e6 7. Bg5 Ne7 8. Nbd2 h6
9. Bh4 b6 10. Qc2 Bb7 11. O-O O-O 12. Rfe1 Qe8 13. Bg3 Rc8 14. e5 d5 15. Rac1
c5 16. Qb1 Nc6 17. h4 Qe7 18. a3 Rc7 19. Bc2 Rfc8 20. Nb3 a5 21. Kh1 Ba6 22.
Nbd2 b5 23. Bd3 c4 24. Bc2 b4 25. Bd1 Rb8 26. Qa2 Ra7 27. b3 cxb3 28. Bxb3 bxa3
29. Rb1 Bd3 30. Bc2 Bb5 31. Rb3 Bf8 32. Nb1 Bc4 33. Qxa3 Bxb3 34. Qxe7 Bxe7 35.
Bd3 a4 36. Nbd2 a3 37. Bf4 Kg7 38. Rd1 Na5 39. Nb1 Nc4 40. Bc1 a2 41. Nbd2 Nxd2
42. Nxd2 Bc4 43. Bc2 Bxh4 44. g3 Be7 45. f4 Ba3 46. Bxa3 Rxa3 47. Kg1 Rxc3 0-1

[Event "Guernsey Open 2012"]
[Site "?"]
[Date "2012.10.22"]
[Round "2"]
[White "Kirby, Peter"]
[Black "Kearsley, Raymond J"]
[Result "1/2-1/2"]
[WhiteElo "1999"]
[BlackElo "1789"]
[PlyCount "131"]
[EventDate "2012.10.21"]
[EventType "swiss"]
[SourceDate "2012.10.30"]

1. c4 Nf6 2. g3 g6 3. Bg2 Bg7 4. Nc3 O-O 5. e4 c5 6. Nge2 Nc6 7. O-O e6 8. d3
Nd4 9. Nxd4 cxd4 10. Ne2 Ne8 11. f4 Nc7 12. b3 d6 13. Ba3 Re8 14. Qd2 d5 15.
cxd5 exd5 16. e5 Ne6 17. Bd6 Bf8 18. Bxf8 Rxf8 19. Qb4 Qb6 20. Qxb6 axb6 21.
Bxd5 Rd8 22. Bc4 Nc5 23. b4 Na4 24. e6 Bxe6 25. Bxe6 fxe6 26. Rfc1 Nb2 27. Rc7
Nxd3 28. Rd1 Nxb4 29. Rxd4 Nd5 30. Rxb7 Rxa2 31. Re4 Re8 32. Nd4 Nc3 33. Rxe6
Rxe6 34. Nxe6 b5 35. Nc7 Rb2 36. Ne8 b4 37. Nf6+ Kf8 38. Rxh7 b3 39. Nd7+ Ke8
40. Nc5 Rb1+ 41. Kg2 b2 42. Rb7 Nd1 43. Nd3 Ra1 44. Nxb2 Ra2 45. Kf3 Rxb2 46.
Rxb2 Nxb2 47. Kg4 Nc4 48. Kg5 Kf7 49. f5 gxf5 50. Kxf5 Ne3+ 51. Kf4 Nd5+ 52.
Ke5 Nf6 53. Kf5 Kg7 54. h3 Ng8 55. g4 Ne7+ 56. Kg5 Ng6 57. Kh5 Nf4+ 58. Kh4 Kg6
59. Kg3 Ne2+ 60. Kf3 Ng1+ 61. Kg2 Ne2 62. h4 Nf4+ 63. Kf3 Nh5 64. Ke4 Nf6+ 65.
Kf4 Nxg4 66. Kxg4 1/2-1/2

[Event "Guernsey Open 2012"]
[Site "?"]
[Date "2012.10.22"]
[Round "2"]
[White "Taylor, Robert"]
[Black "Burton, Ronnie"]
[Result "1/2-1/2"]
[WhiteElo "1920"]
[BlackElo "2013"]
[PlyCount "38"]
[EventDate "2012.10.21"]
[EventType "swiss"]
[SourceDate "2012.10.30"]

1. d4 g6 2. c4 Bg7 3. Nc3 d6 4. f4 Nf6 5. e4 O-O 6. Nf3 c5 7. d5 e6 8. Be2 exd5
9. cxd5 Na6 10. O-O Nc7 11. Nd2 a6 12. a4 b6 13. Nc4 b5 14. axb5 axb5 15. Rxa8
Nxa8 16. Nxb5 Nxe4 17. Bf3 Ba6 18. Bxe4 Bxb5 19. Qc2 Nb6 1/2-1/2

[Event "Guernsey Open 2012"]
[Site "?"]
[Date "2012.10.22"]
[Round "2"]
[White "Spanton, Timothy R"]
[Black "Vonhoff, Nils"]
[Result "1-0"]
[WhiteElo "1994"]
[BlackElo "1777"]
[PlyCount "101"]
[EventDate "2012.10.21"]
[EventType "swiss"]
[SourceDate "2012.10.30"]

1. e4 c5 2. Nc3 Nc6 3. g3 d6 4. Bg2 g6 5. d3 Bg7 6. f4 e6 7. Nf3 Nge7 8. O-O a6
9. Be3 O-O 10. Qd2 b6 11. Rad1 d5 12. exd5 exd5 13. d4 c4 14. Ne5 Bb7 15. f5 f6
16. Nxc6 Bxc6 17. fxg6 hxg6 18. Bh6 Re8 19. Rde1 Qd7 20. Bxg7 Kxg7 21. Qf4 Ng8
22. Qh4 Qd6 23. Bh3 Nh6 24. Qf4 Qxf4 25. gxf4 Kf7 26. Bg2 Rad8 27. Rxe8 Kxe8
28. Re1+ Kf7 29. Bh3 f5 30. Re5 Ng8 31. Bg2 Nf6 32. Bf3 b5 33. a3 Ne4 34. Bxe4
dxe4 35. d5 Bb7 36. Kf2 a5 37. Nxb5 Bxd5 38. Nd4 Kf6 39. h4 Bf7 40. c3 Rb8 41.
Rb5 Rxb5 42. Nxb5 Ke6 43. Ke3 Kd5 {(=)} 44. Nd4 Be8 45. h5 gxh5 46. Nxf5 Bd7
47. Ng3 h4 48. Nxe4 Bf5 49. Nd2 Ke6 50. Nxc4 a4 51. Kf3 1-0

[Event "Guernsey Open 2012"]
[Site "?"]
[Date "2012.10.22"]
[Round "2"]
[White "Kirk, Matthew"]
[Black "Morcom, Huw"]
[Result "0-1"]
[WhiteElo "1719"]
[BlackElo "1958"]
[PlyCount "62"]
[EventDate "2012.10.21"]
[EventType "swiss"]
[SourceDate "2012.10.30"]

1. d4 g6 2. e4 Bg7 3. Nf3 b6 4. Bd3 Bb7 5. c3 d6 6. Be3 Nd7 7. O-O h6 8. Nbd2
e6 9. Rc1 Ne7 10. Ne1 d5 11. e5 c5 12. b3 Nf5 13. Bxf5 gxf5 14. Nd3 Rc8 15. Qh5
Ba6 16. Nf4 Qe7 17. Rfe1 c4 18. b4 Kd8 19. f3 Kc7 20. Bf2 Rcg8 21. Bh4 Qe8 22.
Kh1 Bf8 23. Bf6 Rh7 24. Nxd5+ exd5 25. Qxf5 Rg6 26. e6 Nxf6 27. exf7 Qxf7 28.
Re6 Bc8 29. Qe5+ Kb7 30. Rxf6 Rxf6 31. Re1 Bd6 0-1

[Event "Guernsey Open 2012"]
[Site "?"]
[Date "2012.10.22"]
[Round "2"]
[White "De Kruif, Kees"]
[Black "Slade, Theodore"]
[Result "1/2-1/2"]
[WhiteElo "1956"]
[BlackElo "1716"]
[PlyCount "42"]
[EventDate "2012.10.21"]
[EventType "swiss"]
[SourceDate "2012.10.30"]

1. b4 e5 2. Bb2 Bxb4 3. Bxe5 Nf6 4. Nc3 Ba5 5. Nf3 d6 6. Bxf6 Qxf6 7. Nd5 Qh6
8. e3 c6 9. Nf4 O-O 10. Be2 Nd7 11. O-O Bc7 12. c4 Nf6 13. g3 d5 14. cxd5 Bxf4
15. exf4 Nxd5 16. Qb3 Qe6 17. Rfe1 Nb6 18. Qc2 Qd5 19. Ne5 Be6 20. Bf3 Qa5 21.
Be4 h6 1/2-1/2

[Event "Guernsey Open 2012"]
[Site "?"]
[Date "2012.10.23"]
[Round "3"]
[White "Hillarp Persson, Tiger"]
[Black "Godard, Maxence"]
[Result "1/2-1/2"]
[WhiteElo "2556"]
[BlackElo "2371"]
[PlyCount "85"]
[EventDate "2012.10.21"]
[EventType "swiss"]
[SourceDate "2012.10.30"]

1. e4 c6 2. d4 d5 3. e5 Bf5 4. Nf3 e6 5. Be2 Nd7 6. O-O Bg6 7. Nbd2 Nh6 8. Nb3
Nf5 9. c3 Bh5 10. h3 Nh4 11. Ne1 Bxe2 12. Qxe2 Be7 13. Nc2 O-O 14. g3 Nf5 15.
Ne3 Nxe3 16. Bxe3 Kh8 17. Rae1 Rc8 18. Nc1 c5 19. Nd3 cxd4 20. cxd4 Qa5 21. b3
Qa6 22. Rc1 Ba3 23. Rxc8 Rxc8 24. Qd2 b6 25. h4 Qb5 26. h5 Qc6 27. h6 g6 28. b4
Qc2 29. Qxc2 Rxc2 30. Rb1 Rc3 31. Rb3 Rxb3 32. axb3 Nb8 33. b5 Be7 34. g4 Kg8
35. Kg2 a6 36. bxa6 Nxa6 37. Bd2 Nc7 38. f3 Nb5 39. Be3 Na3 40. f4 Nc2 41. Kf2
Bf8 42. g5 Bb4 43. Nxb4 1/2-1/2

[Event "Guernsey Open 2012"]
[Site "?"]
[Date "2012.10.23"]
[Round "3"]
[White "Mack, Wolfgang"]
[Black "Narciso, Marc"]
[Result "1/2-1/2"]
[WhiteElo "2283"]
[BlackElo "2535"]
[PlyCount "104"]
[EventDate "2012.10.21"]
[EventType "swiss"]
[SourceDate "2012.10.30"]

1. c4 e6 2. g3 d5 3. Bg2 g6 4. Nf3 Bg7 5. O-O Nf6 6. Qa4+ Nbd7 7. d3 O-O 8.
cxd5 exd5 9. Nc3 c5 10. Qh4 d4 11. Nb5 Qb6 12. a4 Ne8 13. b4 cxb4 14. Bb2 Nd6
15. Nxd6 Qxd6 16. Bxd4 Re8 17. Bxg7 Kxg7 18. e3 a5 19. Ng5 Nf8 20. Qh6+ Kg8 21.
d4 Ra6 22. Rfc1 b3 23. Rab1 Rb6 24. Rc5 b2 25. Bd5 Be6 26. Bxe6 fxe6 27. Ne4
Qd8 28. Rc2 Nd7 29. Rcxb2 Rxb2 30. Rxb2 Qc7 31. Rb5 Qc1+ 32. Kg2 Qc6 33. Qh4 b6
34. Kh3 Qc4 35. Rb1 e5 36. Nf6+ Nxf6 37. Qxf6 Qxa4 38. Rxb6 Qd7+ 39. Kg2 exd4
40. Qxd4 Qxd4 41. exd4 Rd8 42. Ra6 Rxd4 43. Rxa5 Rd7 44. h4 h5 45. Rg5 Kh7 46.
g4 hxg4 47. Rxg4 Kh6 48. Rg5 Rd3 49. f3 Rd4 50. Kg3 Ra4 51. f4 Ra3+ 52. Kg4 Ra1
1/2-1/2

[Event "Guernsey Open 2012"]
[Site "?"]
[Date "2012.10.23"]
[Round "3"]
[White "Hebden, Mark"]
[Black "Hamperl, Fred"]
[Result "1-0"]
[WhiteElo "2529"]
[BlackElo "2130"]
[PlyCount "57"]
[EventDate "2012.10.21"]
[EventType "swiss"]
[SourceDate "2012.10.30"]

1. d4 Nf6 2. Nf3 c5 3. d5 d6 4. Nc3 g6 5. e4 Bg7 6. Be2 O-O 7. O-O e6 8. Nd2
exd5 9. exd5 Nbd7 10. a4 Re8 11. a5 Ne5 12. Re1 Nfg4 13. Nde4 f5 14. Bg5 Nf6
15. Nxf6+ Bxf6 16. Bxf6 Qxf6 17. f4 Ng4 18. Bxg4 Rxe1+ 19. Qxe1 fxg4 20. Qe8+
Qf8 21. Qxf8+ Kxf8 22. Nb5 Ke7 23. Re1+ Kd7 24. Re6 b6 25. Nxd6 bxa5 26. Nf7
Bb7 27. Ne5+ Kd8 28. d6 Rb8 29. Re7 1-0

[Event "Guernsey Open 2012"]
[Site "?"]
[Date "2012.10.23"]
[Round "3"]
[White "Minnican, Alan"]
[Black "Tischbierek, Raj"]
[Result "0-1"]
[WhiteElo "2120"]
[BlackElo "2468"]
[PlyCount "54"]
[EventDate "2012.10.21"]
[EventType "swiss"]
[SourceDate "2012.10.30"]

1. Nf3 g6 2. d4 Bg7 3. g3 Nf6 4. Bg2 O-O 5. O-O d6 6. Re1 Nbd7 7. e4 e5 8. c3
b6 9. a4 Bb7 10. Nbd2 Re8 11. d5 c6 12. Nc4 Nc5 13. dxc6 Bxc6 14. Nxd6 Re6 15.
Nxf7 Qxd1 16. Rxd1 Kxf7 17. Ng5+ Ke7 18. Nxe6 Kxe6 19. Bh3+ Ke7 20. b4 Nxa4 21.
Ba3 b5 22. Rac1 Bh6 23. f4 exf4 24. e5 Ne4 25. c4 f3 26. cxb5 Be3+ 27. Kh1 Nf2+
0-1

[Event "Guernsey Open 2012"]
[Site "?"]
[Date "2012.10.23"]
[Round "3"]
[White "Houska, Jovanka"]
[Black "Burrows, Martin"]
[Result "1-0"]
[WhiteElo "2398"]
[BlackElo "2108"]
[PlyCount "57"]
[EventDate "2012.10.21"]
[EventType "swiss"]
[SourceDate "2012.10.30"]

1. d4 Nf6 2. Nf3 e6 3. c4 b6 4. g3 Ba6 5. b3 Bb4+ 6. Bd2 Be7 7. Bg2 c6 8. Qc2
d5 9. O-O Nbd7 10. Rd1 O-O 11. Bf4 Rc8 12. Nc3 Nh5 13. Bd2 f5 14. a4 dxc4 15.
e4 c5 16. bxc4 cxd4 17. Nxd4 Bxc4 18. exf5 Bc5 19. Be3 exf5 20. Nc6 Qe8 21. Re1
Qf7 22. Bxc5 Nxc5 23. Ne7+ Kh8 24. Nxc8 Rxc8 25. Nb5 Rd8 26. Rad1 Nd3 27. Re3
a6 28. Na3 f4 29. Rexd3 1-0

[Event "Guernsey Open 2012"]
[Site "?"]
[Date "2012.10.23"]
[Round "3"]
[White "Lewyk, Ihor"]
[Black "Brooks, Philip"]
[Result "0-1"]
[WhiteElo "2079"]
[BlackElo "2230"]
[PlyCount "74"]
[EventDate "2012.10.21"]
[EventType "swiss"]
[SourceDate "2012.10.30"]

1. Nf3 d5 2. d4 c6 3. e3 Bg4 4. c4 e6 5. Qb3 Qb6 6. Ne5 Bf5 7. Nc3 Nf6 8. Bd3
Bxd3 9. Nxd3 Nbd7 10. Qxb6 axb6 11. cxd5 exd5 12. Bd2 Bd6 13. O-O O-O 14. b4 b5
15. Rfc1 Nb6 16. Nc5 Nc4 17. Rc2 Ra7 18. f3 Re8 19. Re1 b6 20. Nd3 Rae7 21. Nd1
Re6 22. g3 h5 23. Kf2 g5 24. Nc3 g4 25. e4 dxe4 26. fxe4 Nxe4+ 27. Rxe4 Rxe4
28. Nxe4 Rxe4 29. Bc3 f5 30. Ne5 Bxe5 31. dxe5 Kf7 32. Rc1 Ke7 33. Rc2 Kd7 34.
Re2 Rxe2+ 35. Kxe2 Ke6 36. a4 bxa4 37. Kd3 Nxe5+ 0-1

[Event "Guernsey Open 2012"]
[Site "?"]
[Date "2012.10.23"]
[Round "3"]
[White "Broek, Thomas"]
[Black "Purdon, Colin"]
[Result "1-0"]
[WhiteElo "2217"]
[BlackElo "2099"]
[PlyCount "87"]
[EventDate "2012.10.21"]
[EventType "swiss"]
[SourceDate "2012.10.30"]

1. e4 e6 2. e5 d6 3. exd6 Bxd6 4. d4 Nf6 5. Nf3 O-O 6. Bd3 Nc6 7. c4 e5 8. c5
e4 9. Bxe4 Nxe4 10. cxd6 Qxd6 11. Nc3 Re8 12. O-O Bg4 13. Be3 Rad8 14. h3 Bh5
15. Re1 Nxc3 16. bxc3 Qd5 17. Rb1 Na5 18. Bf4 Rxe1+ 19. Qxe1 Bxf3 20. Bxc7 Qg5
21. Qf1 Rd5 22. Re1 g6 23. Re8+ Kg7 24. Bg3 Bh5 25. c4 Rd7 26. Kh2 Nc6 27. d5
Ne7 28. Qa1+ f6 29. Qe1 Kf7 30. Rh8 Kg7 31. d6 Nc6 32. Qe8 Rd8 33. Rg8+ Kh6 34.
Qf7 Rxg8 35. Qxg8 Be2 36. Qf8+ Kh5 37. Qg7 h6 38. Qxb7 Nd8 39. Qe7 Bxc4 40.
Qxd8 Be6 41. d7 Qf5 42. Qe8 Bxd7 43. Qe2+ Kg5 44. h4# 1-0

[Event "Guernsey Open 2012"]
[Site "?"]
[Date "2012.10.23"]
[Round "3"]
[White "Van Dijk, Bram"]
[Black "Norman, Kenneth I"]
[Result "1/2-1/2"]
[WhiteElo "2083"]
[BlackElo "2190"]
[PlyCount "80"]
[EventDate "2012.10.21"]
[EventType "swiss"]
[SourceDate "2012.10.30"]

1. e4 e5 2. Nf3 Nc6 3. Bb5 a6 4. Ba4 d6 5. c3 Bd7 6. O-O Nge7 7. d4 Ng6 8. Qe2
Be7 9. Rd1 Qc8 10. Na3 O-O 11. Bb3 Na5 12. Bc2 b5 13. b4 Nc6 14. Bb3 exd4 15.
Nxd4 Nxd4 16. cxd4 Bf6 17. Be3 c6 18. Rac1 Re8 19. f3 Qd8 20. d5 Rc8 21. Qd2
cxd5 22. Bxd5 Rxc1 23. Rxc1 Qb8 24. Bb3 Rc8 25. Rxc8+ Bxc8 26. Nc2 Ne5 27. Bd4
Be6 28. Ne3 Qc7 29. Nd5 Bxd5 30. Bxd5 Nc4 31. Qc3 Bxd4+ 32. Qxd4 Ne5 33. h3
Qc1+ 34. Kf2 h5 35. Bb3 Qf4 36. Qe3 Qh4+ 37. Ke2 Qg3 38. Qf2 Qf4 39. Qe3 Qg3
40. Qf2 Qf4 1/2-1/2

[Event "Guernsey Open 2012"]
[Site "?"]
[Date "2012.10.23"]
[Round "3"]
[White "Jackson, Oliver A"]
[Black "Maloberti, David"]
[Result "0-1"]
[WhiteElo "2189"]
[BlackElo "2045"]
[PlyCount "97"]
[EventDate "2012.10.21"]
[EventType "swiss"]
[SourceDate "2012.10.30"]

1. e4 e6 2. d4 d5 3. Nc3 Bb4 4. e5 c5 5. a3 Bxc3+ 6. bxc3 Ne7 7. Nf3 Qa5 8. Bd2
b6 9. a4 c4 10. Ng5 h6 11. Nh3 Bd7 12. Nf4 g6 13. g3 Bxa4 14. Bh3 Bxc2 15. Qc1
Ba4 16. Qa3 Bb3 17. Qc1 Qb5 18. Ng2 Ng8 19. O-O Qd7 20. Ne3 Nc6 21. Qa3 a5 22.
f4 Qe7 23. Qc1 O-O-O 24. Qb1 h5 25. Bc1 b5 26. Rf2 Nh6 27. Nf1 Qb7 28. Rb2 a4
29. Rd2 Nf5 30. Ba3 {(=)} b4 31. Bxf5 gxf5 32. cxb4 Nxb4 33. Qc1 Kd7 34. Qc3
Rb8 35. Rb1 Qb6 36. Kh1 Nd3 37. Ne3 Rbg8 38. Nc2 h4 39. gxh4 Rxh4 40. Rxd3 cxd3
41. Qxd3 Rgh8 42. Qd2 Rxh2+ 43. Qxh2 Rxh2+ 44. Kxh2 Qd8 45. Ne1 Qh4+ 46. Kg2
Qxf4 47. Nf3 Bc2 48. Rc1 Be4 49. Rc3 0-1

[Event "Guernsey Open 2012"]
[Site "?"]
[Date "2012.10.23"]
[Round "3"]
[White "Prins, Jan"]
[Black "Morin, Yves"]
[Result "0-1"]
[WhiteElo "2040"]
[BlackElo "2183"]
[PlyCount "124"]
[EventDate "2012.10.21"]
[EventType "swiss"]
[SourceDate "2012.10.30"]

1. d4 Nf6 2. Nf3 d6 3. g3 Nbd7 4. Bg2 e5 5. c4 Be7 6. Nc3 O-O 7. O-O Re8 8. a4
a5 9. b3 c6 10. Bb2 Bf8 11. dxe5 dxe5 12. Qc2 Qc7 13. e3 Nc5 14. Ba3 Bg4 15.
Nd2 Rad8 16. Nde4 Nfd7 17. Nxc5 Nxc5 18. Bxc5 Bxc5 19. h3 Be6 20. Rad1 f5 21.
Rxd8 Rxd8 22. Rd1 Bb4 23. e4 g6 24. Bf3 Rf8 25. Bg2 Bc5 26. Kh2 f4 27. gxf4
Rxf4 28. Nd5 cxd5 29. cxd5 Bf7 30. Rc1 b6 31. f3 Qe7 32. Qc4 Rf6 33. Qa6 Rd6
34. Qc8+ Rd8 35. Qa6 Qd6 36. Rc2 Be8 37. Qe2 Bd7 38. Qd2 Rf8 39. Qg5 Kg7 40. h4
h6 41. Qg3 Qf6 42. Kh1 Qf4 43. Qh2 g5 44. Rc4 gxh4 45. Qxf4 Rxf4 46. Kh2 h3 47.
Bh1 Bd6 48. Rc1 Rf8 49. Re1 Kf6 50. Kg3 Rg8+ 51. Kh2 Bc5 52. f4 Bf2 53. fxe5+
Kxe5 54. Rf1 Rf8 55. Rc1 h5 56. Rc7 Kd6 57. Rb7 Bd4 58. Kg3 Bf2+ 59. Kh2 Rf7
60. Bf3 Rxf3 61. e5+ Kxe5 62. Rxd7 Bc5 0-1

[Event "Guernsey Open 2012"]
[Site "?"]
[Date "2012.10.23"]
[Round "3"]
[White "Sprotte, Norbert"]
[Black "Haverkamp, Klaus"]
[Result "1-0"]
[WhiteElo "2145"]
[BlackElo "2023"]
[PlyCount "65"]
[EventDate "2012.10.21"]
[EventType "swiss"]
[SourceDate "2012.10.30"]

1. d4 Nf6 2. Nf3 d5 3. e3 e6 4. Bd3 Nbd7 5. b3 c5 6. O-O Be7 7. Nbd2 Qc7 8. Bb2
a6 9. c4 dxc4 10. bxc4 b6 11. Ne5 cxd4 12. exd4 Nxe5 13. dxe5 Nd7 14. Qg4 O-O
15. Rfe1 f5 16. exf6 Nxf6 17. Qh4 h6 18. Re3 Bd6 19. Ne4 Be5 20. Nxf6+ Bxf6 21.
Bxf6 Rxf6 22. Qe4 Bb7 23. Qh7+ Kf7 24. Rg3 Rg8 25. Rd1 Bc6 26. Bg6+ Kf8 27.
Rgd3 Qf4 28. f3 Qg5 29. Rd8+ Ke7 30. Qxg8 Qxg6 31. Rc8 Bxf3 32. Qd8+ Kf7 33.
Qf8# 1-0